| 000 -LEADER |
| fixed length control field |
01327nam a2200325Ia 4500 |
| 020 ## - INTERNATIONAL STANDARD BOOK NUMBER |
| ISBN |
0538681071 (Book 1) |
| 020 ## - INTERNATIONAL STANDARD BOOK NUMBER |
| ISBN |
0538681098 (Book 2) |
| 020 ## - INTERNATIONAL STANDARD BOOK NUMBER |
| ISBN |
053868111X (Book 3) |
| 020 ## - INTERNATIONAL STANDARD BOOK NUMBER |
| ISBN |
053868108X (Book 1, T. ed.) |
| 020 ## - INTERNATIONAL STANDARD BOOK NUMBER |
| ISBN |
0538681101 (Book 2, T. ed.) |
| 020 ## - INTERNATIONAL STANDARD BOOK NUMBER |
| ISBN |
0538681128 (Book 3, T. ed.) |
| 040 ## - CATALOGING SOURCE |
| Transcribing agency |
SBM |
| 082 ## - DEWEY DECIMAL CLASSIFICATION NUMBER |
| Classification number |
510 SOU 1998 A027 Or. |
| 100 1# - MAIN ENTRY--AUTHOR NAME |
| Personal name |
Lynch, Chicha |
| 245 10 - TITLE STATEMENT |
| Title |
South-Western mathmatters : |
| Remainder of title |
an integrated approach / |
| 246 30 - VARYING FORM OF TITLE |
| Title proper/short title |
Mathmatters |
| 246 30 - VARYING FORM OF TITLE |
| Title proper/short title |
Math matters |
| 260 ## - PUBLICATION, DISTRIBUTION, ETC. (IMPRINT) |
| Place of publication |
Cincinnati, Ohio : |
| Name of publisher |
South-Western Educational Pub., |
| Year of publication |
c1998 |
| 300 ## - PHYSICAL DESCRIPTION |
| Number of Pages |
3 v. : |
| Other physical details |
col. ill. ; |
| Dimensions |
27 cm. + |
| Accompanying material |
3 teacher's annotated editions |
| 500 ## - GENERAL NOTE |
| General note |
Includes indexes |
| 500 ## - GENERAL NOTE |
| General note |
"To complement the Math Matters series, South-Western presents www.mathmatters.com, a home page that connects students to up-to-date data they can use with the decision-making activities in all three books"--p. [iv] of cover |
| 520 ## - SUMMARY, ETC. |
| Summary, etc |
"Math Matters ... uses algebra, geometry, and topics of discrete math to investigate mathematical applications in the real world"--p. [iv] of cover |
| 650 #0 - SUBJECT ADDED ENTRY--TOPICAL TERM |
| Topical Term |
Mathematics |
| 650 #0 - SUBJECT ADDED ENTRY--TOPICAL TERM |
| Topical Term |
Algebra |
| 650 #0 - SUBJECT ADDED ENTRY--TOPICAL TERM |
| Topical Term |
Geometry |
| 700 1# - ADDED ENTRY--PERSONAL NAME |
| Personal name |
Olmstead, Eugene |
| 710 2# - ADDED ENTRY--CORPORATE NAME |
| Corporate name or jurisdiction name as entry element |
South-Western Educational Publishing |
| 856 41 - ELECTRONIC LOCATION AND ACCESS |
| Uniform Resource Identifier |
http://www.mathmatters.com/ |
| 942 ## - ADDED ENTRY ELEMENTS (KOHA) |
| Koha item type |
សៀវភៅភាសាអង់គ្លេស |
| 952 ## - LOCATION AND ITEM INFORMATION (KOHA) |
| Withdrawn status [LOCAL, KOHA] |
0 |